Normal view
MARC view
- TRABAJO MIGRATORIO
Entry Materia
001 - NÚMERO DE CONTROL DEL REGISTRO
- campo de control: 2264
003 - IDENTIFICADOR DE NUMERO DE CONTROL
- campo de control: UPN
005 - FECHA Y HORA DE LA ÚLTIMA TRANSACCIÓN
- campo de control: 20210219193620.0
008 - DATOS DE LONGITUD FIJA
- campo de control de longitud fija: nabaccnnaabn|||||||||| b |nc|||||d
035 ## - NÚMERO DE CONTROL DEL SISTEMA
- Número de control del sistema: UPN10000002264
040 ## - FUENTE DE LA CATALOGACIÓN
- Lengua de catalogación: SPA
- Agencia de transcripción: UPN
150 ## - ENCABEZAMIENTO - TEMÁTICO
- Término de materia o nombre geográfico como elemento inicial: TRABAJO MIGRATORIO
450 ## - VÉASE - MATERIA
- Encabezamiento temático: Trabajadores migratorios
450 ## - VÉASE - MATERIA
- Encabezamiento temático: Trabajo del migrante
450 ## - VÉASE - MATERIA
- Encabezamiento temático: Migrante, trabajo del
670 ## - FUENTE EN LA QUE SE LOCALIZARON DATOS
- Cita de la fuente: E
680 ## - NOTA GENERAL CON DESPLIEGUE PÚBLICO
- Texto explicativo: Aquí se asienta el material que trata sobre los trabajadores casuales o estacionales cuyo domicilio no es fijo. Las obras relacionadas con los trabajadores que emigran de un lugar a otro, con la intención de establecerse permanentemente, se asienta bajo
- Encabezamiento: MIGRACION INTERNA
902 ## - CATALOGADOR
- Catalogador: BDV/060312
